Lei de responsabilidade fiscal : (Record no. 507)

MARC details
000 -LÍDER
Campo Fixo de Controle 00943nam a2200265 a 4500
001 - NÚMERO DE CONTROLE
Campo de Controle 507
003 - IDENTIFICAÇÃO DO NÚMERO DE CONTROLE
Campo de Controle BR-CuiBMT
005 - DATA E HORA DA ÚLTIMA ATUALIZAÇÃO
Campo de Controle 20231108151742.0
008 - DADOS FIXOS
Dados Fixos 231108s2010 mgba 001 0 por d
020 ## - INTERNATIONAL STANDARD BOOK NUMBER
Nº do ISBN 9788577003006
040 ## - AGÊNCIA CATALOGADORA
Código da Agência Catalogadora BR-CuiBMT
Agência que transcreveu o registro BR-CuiBMT
080 ## - Nº DA CLASSIFICAÇÃO DECIMAL UNIVERSAL
Nº edição CDU 2007
Nº Class. CDU 351.72
090 ## - NÚMERO DE CHAMADA
Nº classificação 351.72
Cutter L525
245 00 - TÍTULO PRINCIPAL
Título principal Lei de responsabilidade fiscal :
Subtítulo ensaios em comemoração aos 10 anos da Lei Complementar nº 101/00 /
Indicação de responsabilidade Rodrigo Pironti Aguirre de Castro [coord.] ; André Luiz Freire ... [et al. ]
260 ## - PUBLICAÇÃO, DISTRIBUIÇÃO, ETC.
Local de publicação Belo Horizonte :
Editora Fórum ;
Data 2010.
300 ## - DESCRIÇÃO FÍSICA
N. páginas ou volumes 467 p. :
Ilustrações il. ;
Dimensões 21 cm
500 ## - NOTAS GERAIS
Notas gerais Vários autores.
504 ## - NOTA DE BIBLIOGRAFIA, ETC.
Nota de bibliografia Inclui bibliografia e índice.
650 ## - ASSUNTO TÓPICO
Cabeçalho tópico ou nome geográfico Lei de Responsabilidade Fiscal
Subdivisão geográfica Brasil
650 ## - ASSUNTO TÓPICO
Cabeçalho tópico ou nome geográfico Finanças públicas
Subdivisão geográfica Brasil
650 ## - ASSUNTO TÓPICO
Cabeçalho tópico ou nome geográfico Orçamento público
Subdivisão geográfica Brasil
700 1# - ENTRADA SECUNDÁRIA -- NOME PESSOAL
Nome pessoal Castro, Rodrigo Pironti Aguirre de
Cód. do termo explicativo coord.
700 1# - ENTRADA SECUNDÁRIA -- NOME PESSOAL
Nome pessoal Freire, André Luiz
Termo de relação et al.
-- autores
942 ## - ELEMENTOS DE ENTRADA ADICIONAIS (KOHA)
Fonte de classificação ou esquema de arquivamento Classificação Decimal Universal
Tipo de item do Koha Livros
Holdings
Estado: removido Estado: perdido Fonte de classificação ou esquema de arquivamento Estado: danificado Indisponível para empréstimo Localização permanente Localização atual Data de aquisição Total Checkouts Número de Chamada completo Código de barras Date last seen Número do exemplar Preço efetivo a partir de Tipo de item (Koha)
    Classificação Decimal Universal     Biblioteca da Escola Superior de Contas do TCE/MT Biblioteca da Escola Superior de Contas do TCE/MT 08/11/2023   351.72 L525 BIBTCEMT23110268 08/11/2023 Ex. 1 08/11/2023 Livros
    Classificação Decimal Universal     Biblioteca da Escola Superior de Contas do TCE/MT Biblioteca da Escola Superior de Contas do TCE/MT 08/11/2023   351.72 L525 BIBTCEMT23110269 08/11/2023 Ex. 2 08/11/2023 Livros

Powered by Koha